000
00302nam a22001217a 4500
020
_a
9789350562833
082
_a
637.1
_b
SWA/MI
100
_a
Swarup,Abha
_9
367
245
_a
Milk Processing Technology
260
_a
New Del0hi
_b
0Discovery Publishing House Pvt. Ltd0
_c
2013
300
_a
317
942
_c
BK
999
_c
14275
_d
14275